Malaysian herbal heritage.
| Other Authors: | |
|---|---|
| Format: | Book |
| Published: |
Kepong, Selangor:
Institut Penyelidikan Perhutanan Malaysia (FRIM),
2013.
|
| Subjects: |
| LEADER | 00526cam a2200169 7i4500 | ||
|---|---|---|---|
| 001 | 0000029850 | ||
| 005 | 20130924090000.0 | ||
| 020 | 0 | 0 | |a 9789675221903 |
| 090 | 0 | 0 | |a P 615.32109595 |b MAL |
| 245 | 0 | 0 | |a Malaysian herbal heritage. |
| 260 | 0 | 0 | |a Kepong, Selangor: |b Institut Penyelidikan Perhutanan Malaysia (FRIM), |c 2013. |
| 300 | # | # | |a 131 p. |
| 650 | 0 | 0 | |a Herbs -- |z Malaysia |
| 650 | 0 | 0 | |a Medical plants -- |z Malaysia |
| 651 | 0 | 0 | |a Malaysia |
| 700 | 1 | 0 | |a Subramaniam, |h Vimala |
| 999 | |a B000033113 |b Book |c Products |e Business Information Centre | ||


